000 004510000a22001810004500
003 MACL
005 20151231170702.0
008 151231b xxu||||| |||| 00| 0 eng d
040 _aMACL
_cMACL
041 _aEnglish
082 _a387/MOO
100 _aMookerjee, Radha Kumud
_926028
245 _aIndian Shipping
260 _bOrient Longmans Ltd
_c1957
_aMadras
350 _a20
650 _aAir Transportation
_918780
942 _cBK
_k387/MOO
_2ddc
999 _c35187
_d35187